000 00564nam a2200193Ia 4500
003 GCL
008 140319s9999 xx 000 0 eng d
040 _aGCL /
_cGCL
082 0 4 _a581.634079
_bF F
100 1 _aFOSTER, STEVEN
245 1 0 _aA FIELD GUIDE TO MEDICINAL PLANTS: EASTERN AND CENTRAL NORTH AMERICA /
_cFOSTER, STEVEN
700 1 _aDUKE, JAMES A
260 _a[S.N] :
_bHOUGHTON MIFFLIN COMPANY ،
_c1990
300 _a366 P
650 0 4 _aMEDICAL PLANTS
650 0 4 _aIDENTIFICATIONS
650 0 4 _aNATIONAL WILDLIFE FEDERATION
942 _2ddc
_cBK
999 _c13514
_d13514